Mathématiques buissonnières

Saved in:
Bibliografiske detaljer
Hovedforfatter: Deledicq, André (Author)
Format: Bog
Sprog:fransk
Udgivet: París Cedic 1975
Serier:Collection Formation des Maitres en Mathématiques
Fag:
Tags: Tilføj Tag
Ingen Tags, Vær først til at tagge denne postø!

MARC

LEADER 00000nam a2200000 a 4500
001 UCQ8302
003 CL-VaPUC
008 981209e19750000FR |||||||||||||||||fre|d
082 0 4 |a 510.7  |b DEL  |2 21 
100 0 |a Deledicq, André  |e author  |9 422193 
245 1 0 |a Mathématiques buissonnières 
300 |a 287 p 
942 |c BK 
945 |d 19981209 00:00:00  |a crobeson 
260 |a París  |b Cedic  |c 1975 
650 0 |a Matemática  |9 260235 
650 0 |a Formación de profesores  |9 338945 
650 0 |a Aritmética   |9 270049 
650 7 |a PROBLEMAS  |2 CL-VaPUC  |9 269806 
650 0 |a Ejercicios   |9 269807 
650 0 |a Matemáticas  |x Enseñanza  |9 875527 
583 |a last modification  |c 19981209 00:00:00  |k Rodrigo Vera 
490 0 |a Collection Formation des Maitres en Mathématiques 
999 |c 277587  |d 277585 
952 |0 0  |1 0  |4 0  |6 510_700000000000000_DEL_1975  |7 0  |8 A  |9 315600  |a BIBMAT  |b BIBMAT  |c E_DIDACT  |d 2019-11-20  |i 130089K  |o 510.7 DEL 1975  |p 130089K  |r 2025-01-07  |w 2019-11-20  |y BK  |k MAT